हम खंडहर के वासी : (Record no. 118093)

MARC details
000 -LEADER
fixed length control field 01122nam a22002537a 4500
005 - DATE AND TIME OF LATEST TRANSACTION
control field 20170124103106.0
010 ## - LIBRARY OF CONGRESS CONTROL NUMBER
LC control number B-242016
020 ## - INTERNATIONAL STANDARD BOOK NUMBER
Terms of availability 425.00
International Standard Book Number 8126713216
035 ## - SYSTEM CONTROL NUMBER
System control number B-242016
037 ## - SOURCE OF ACQUISITION
Source of stock number/acquisition Cen Lib/Ret
040 ## - CATALOGING SOURCE
Original cataloging agency DPL
Language of cataloging HN
082 ## - DEWEY DECIMAL CLASSIFICATION NUMBER
Classification number 820.8
Item number वर्माभ
100 ## - MAIN ENTRY--PERSONAL NAME
Personal name वर्मा, भगवती चरण
9 (RLIN) 7767
245 ## - TITLE STATEMENT
Title हम खंडहर के वासी :
Statement of responsibility, etc भगवती चरण वर्मा
Remainder of title असंकलित रचनाएँ /
246 ## - VARYING FORM OF TITLE
Title proper/short title Hum khandhar ke vasi : asankalit rachnayen /
Remainder of title by Bhagwati Charan Verma
260 ## - PUBLICATION, DISTRIBUTION, ETC. (IMPRINT)
Place of publication, distribution, etc नयी दिल्ली
Name of publisher, distributor, etc राजकमल प्रकाशन
Date of publication, distribution, etc 2007
270 ## - ADDRESS
Address 1-बी, नेताजी सुभाष मार्ग
City नयी दिल्ली
Postal code 110002
300 ## - PHYSICAL DESCRIPTION
Extent 335पृ.
Dimensions 21सेमी (सजिल्द)
650 ## - SUBJECT ADDED ENTRY--TOPICAL TERM
Topical term or geographic name as entry element साहित्य--कविता
9 (RLIN) 78300
650 ## - SUBJECT ADDED ENTRY--TOPICAL TERM
Topical term or geographic name as entry element हिन्दी कविताएं
9 (RLIN) 78301
650 ## - SUBJECT ADDED ENTRY--TOPICAL TERM
Topical term or geographic name as entry element Literature--Poem
9 (RLIN) 78302
650 ## - SUBJECT ADDED ENTRY--TOPICAL TERM
Topical term or geographic name as entry element Hindi poem
9 (RLIN) 78303
942 ## - ADDED ENTRY ELEMENTS (KOHA)
Source of classification or shelving scheme Dewey Decimal Classification
Koha item type Hindi Books
Classification part 820.8
Call number suffix वर्माभ
Holdings
Withdrawn status Lost status Damaged status Not for loan Home library Current library Date acquired Source of acquisition Cost, normal purchase price Total Checkouts Full call number Barcode Date last seen Copy number Cost, replacement price Price effective from Koha item type Source of classification or shelving scheme Collection code
        Central Library Central Library 10/09/2015 Cen Lib/Ret 425.00   820.8 वर्माभ B-242016 10/09/2015 1 425.00 10/09/2015 Hindi Books    
        Sarojini Nagar Sarojini Nagar 21/10/2021   425.00   820.8 वर्माभ B-242018 21/10/2021     21/10/2021 Hindi Books Dewey Decimal Classification Non-fiction

© Delhi Public Library
Hit Counter
free hit counter